[Event "NOR-ch U14"]
[Site "Larvik"]
[Date "2019.07.05"]
[Round "1"]
[White "Lovasen, Viktor Nygaard"]
[Black "Valvag, Torbjorn"]
[Result "1/2-1/2"]
[WhiteElo "1451"]
[BlackElo "1912"]
[PlyCount "121"]
[EventDate "2019.07.05"]
[EventType "swiss"]
[EventRounds "9"]
[EventCountry "NOR"]
[SourceTitle "EXT 2024"]
[Source "ChessBase"]
[SourceDate "2023.10.10"]
[SourceVersion "1"]
[SourceVersionDate "2023.10.10"]
[SourceQuality "1"]

1. d4 d5 2. Nf3 Nf6 3. e3 Bf5 4. Bd3 Bg6 5. 0-0 e6 6. b3 Bd6 7. c4 c6 8. Ba3 Bxa3 9. Nxa3 Ne4 10. Ne5 Nd7 11. Nxg6 hxg6 12. Bxe4 dxe4 13. c5 Qh4 14. h3 f5 15. Qe1 g5 16. f3 Qxe1 17. Raxe1 exf3 18. Rxf3 Nf6 19. Nc4 Ne4 20. Nd6+ Nxd6 21. cxd6 Rh4 22. Rg3 Rd8 23. Rxg5 Kf7 24. Rg3 Rxd6 25. Rf3 Re4 26. Kf2 Rd5 27. g4 Kf6 28. gxf5 exf5 29. Rc1 g5 30. Rc4 Kg6 31. b4 f4 32. a3 fxe3+ 33. Rxe3 Rexd4 34. Rxd4 Rxd4 35. Re7 Rf4+ 36. Ke2 Rf7 37. Re5 Kf6 38. Rc5 Re7+ 39. Kf3 Re5 40. Rc4 Kf5 41. h4 Rd5 42. Ke3 Re5+ 43. Kf3 a5 44. hxg5 Kxg5 45. a4 Kf5 46. bxa5 Rxa5 47. Rb4 Ra7 48. Ke3 Ke5 49. Kd3 c5 50. Rb5 Kd5 51. a5 Ra6 52. Kc3 Rh6 53. Rxb7 Rh3+ 54. Kd2 Ra3 55. Ra7 Kc4 56. a6 Ra2+ 57. Ke3 Kc3 58. Ra8 c4 59. a7 Ra3 60. Ke2 Ra2+ 61. Ke3 1/2-1/2

[Event "Ski Follosjakken Grand Prix 4 B"]
[Site "Ski"]
[Date "2018.10.13"]
[Round "6"]
[White "Lovasen, Viktor Nygaard"]
[Black "Nordquelle, Amelia"]
[Result "0-1"]
[WhiteElo "1429"]
[BlackElo "1480"]
[PlyCount "125"]
[EventDate "2018.10.13"]
[EventType "swiss (rapid)"]
[EventRounds "6"]
[EventCountry "NOR"]
[SourceTitle "EXT 2024"]
[Source "ChessBase"]
[SourceDate "2023.10.10"]
[SourceVersion "1"]
[SourceVersionDate "2023.10.10"]
[SourceQuality "1"]

1. d4 d5 2. Nf3 Nf6 3. e3 c5 4. c3 Bf5 5. Bd3 Bg6 6. Bxg6 hxg6 7. 0-0 e6 8. b3 Bd6 9. Ba3 Qc7 10. h3 Ne4 11. dxc5 Nxc5 12. Nbd2 g5 13. Bxc5 Qxc5 14. Nxg5 Qxc3 15. Qc1 Qxc1 16. Raxc1 Nc6 17. e4 Bf4 18. Ngf3 dxe4 19. Rc4 f5 20. Nxe4 fxe4 21. Rxe4 e5 22. Nxe5 Bxe5 23. f4 Kd7 24. fxe5 Ke6 25. Rg4 Rhg8 26. Re1 Rad8 27. Rg6+ Kf5 28. Rg4 Rd4 29. Rxd4 Nxd4 30. Rd1 Kxe5 31. Re1+ Kd6 32. Rd1 Kd5 33. Kf2 Re8 34. Rd3 Re2+ 35. Kg3 Rxa2 36. Kh2 Ke4 37. Rg3 Nf5 38. Rg4+ Ke5 39. Rb4 b6 40. Rb5+ Ke6 41. Rb4 Ke5 42. Rb5+ Ke4 43. Rb4+ Nd4 44. Rc4 Kd3 45. Rc7 Nf3+ 46. Kg3 Ne1 47. Rd7+ Kc3 48. Rc7+ Kxb3 49. Kf4 Rxg2 50. Rxa7 b5 51. Re7 Nc2 52. Kf3 Rg6 53. Rd7 b4 54. Rd3+ Kb2 55. Rd2 b3 56. Ke4 Kc1 57. Rh2 Rd6 58. Rh1+ Rd1 59. Rxd1+ Kxd1 60. Kf5 b2 61. Kg6 b1Q 62. Kxg7 Ke2 63. h4 0-1

[Event "Ski Follosjakken Grand Prix 4 B"]
[Site "Ski"]
[Date "2018.10.13"]
[Round "5"]
[White "Westrum, Kim Roger Hansen"]
[Black "Lovasen, Viktor Nygaard"]
[Result "1/2-1/2"]
[WhiteElo "1547"]
[BlackElo "1429"]
[PlyCount "43"]
[EventDate "2018.10.13"]
[EventType "swiss (rapid)"]
[EventRounds "6"]
[EventCountry "NOR"]
[SourceTitle "EXT 2024"]
[Source "ChessBase"]
[SourceDate "2023.10.10"]
[SourceVersion "1"]
[SourceVersionDate "2023.10.10"]
[SourceQuality "1"]

1. e4 e5 2. Nf3 Nc6 3. Bb5 d6 4. h3 Nf6 5. d3 Be7 6. c3 0-0 7. 0-0 a6 8. Ba4 b5 9. Bc2 d5 10. exd5 Nxd5 11. Re1 Bd6 12. Nbd2 Bf5 13. Nf1 Qd7 14. Ng3 Bg6 15. Nh4 Rfe8 16. Nxg6 hxg6 17. Qf3 Nf6 18. Bg5 Nh7 19. Be3 Nf6 20. Bg5 Nh7 21. Be3 Nf6 22. Bg5 1/2-1/2